[Event "Turkish Women-ch Arzum 2022"]
[Site "Ayvalik"]
[Date "2022.03.07"]
[Round "4.3"]
[White "Acar, Ilayda"]
[Black "Atalik, Ekaterina"]
[Result "0-1"]
[WhiteElo "1460"]
[BlackElo "2415"]
[Annotator "TA"]
[PlyCount "90"]
[EventDate "2022.03.04"]
[EventType "swiss"]
[EventCountry "TUR"]
[SourceTitle "playchess.com"]
[Source "ChessBase"]
[SourceQuality "1"]

{[%evp 10,90,33,34,31,0,27,-19,7,6,8,-32,-60,-149,-149,-245,-163,-189,-195,-200,-199,-202,-218,-193,-173,-271,-250,-313,-296,-295,-295,-300,-286,-337,-314,-349,-304,-326,-326,-385,-382,-388,-350,-360,-354,-607,-527,-716,-712,-828,-777,-736,-751,-770,-718,-760,-753,-724,-724,-817,-797,-1093,-1091,-1084,-1066,-2683,-1233,-1372,-1326,-29992,-29988,-29992,-29993,-29993,-29994,-29994,-29990,-29991,-29967,-29992,-29993,-29993,-29994]} 1. e4 g6 2. d4 Bg7 3. Nc3 d6 4. f4 a6 5. a4 Nf6 6. Nf3 O-O {B09: Pirc Defence: Austrian Attack.} 7. h3 {[#]} Nc6 $146 ({Predecessor:} 7... e6 8. Be3 b6 9. Bd3 Bb7 10. g4 c5 11. g5 Nh5 12. f5 exf5 13. exf5 cxd4 14. f6 dxe3 15. fxg7 Nxg7 {½-½ (39) Kemper,Y (1760)-Stalter,T (1822) Neustadt an der Weinstrasse 2017}) 8. e5 (8. Be2 {was preferrable.}) 8... dxe5 {The position is equal.} 9. fxe5 Nh5 10. Ne2 {Inhibits Ng3. Threatens to win with g4.} f6 $1 11. e6 {[#]} (11. exf6 $15 Nxf6 12. Nc3) 11... f5 $1 $17 (11... Bxe6 12. g4 $16) 12. c4 (12. Nf4 $17 {keeps fighting.}) 12... Nb4 ({And not} 12... Bxe6 13. d5 Nb4 14. Nf4 (14. Qb3 c5 $17) 14... Nxf4 15. Bxf4 $17) 13. Qb3 c5 14. Bd2 Bxe6 15. Bxb4 cxb4 16. Qxb4 Qc7 17. d5 (17. Ng5 $142 Qxc4 18. Qxc4 Bxc4 19. g4 fxg4 20. hxg4) 17... Bd7 18. Rc1 ({Avoid the trap} 18. Qxe7 $2 Ng3 19. Rh2 Rfe8 $19) 18... a5 19. Qa3 ({But not} 19. Qxe7 Rae8 20. Qa3 Ng3 $19) 19... e5 {[%cal Be7e5,Be5e4][%mdl 32]} 20. c5 e4 21. Nfd4 f4 {[%cal Of4f3]} 22. c6 bxc6 23. dxc6 Bc8 {[%cal Of4f3]} 24. Nb5 Qe5 {[#] Strongly threatening ...f3.} 25. Qc3 f3 26. Qxe5 Bxe5 27. Nec3 $2 (27. Rc5 Bxb2 28. gxf3 exf3 29. Rh2 fxe2 30. Bxe2) 27... Ng3 28. Bc4+ Kg7 29. Rf1 fxg2 30. Rg1 Bxh3 {[%cal Bc8h3,Bh3f1,Bf1d3,Bd3e4][%mdl 32]} 31. Rc2 Rf1+ 32. Bxf1 gxf1=Q+ 33. Rxf1 Bxf1 {This bishop pair is nice.} 34. c7 Bd3 35. Rd2 Rf8 {[%csl Gd3,Gg3][%cal Rf8f1]} 36. Rf2 Nf5 {White must now prevent ...Bg3.} 37. Rg2 e3 {( -> ...Nh4)} 38. Nd5 Be4 39. Nb6 Bxg2 {Black mates.} 40. c8=Q Rxc8 41. Nxc8 Bf3 42. Nc3 Nd4 43. Nb6 Nc2+ 44. Kf1 Bxc3 45. bxc3 e2+ {Black took control after the opening.  Weighted Error Value: White=0.69/Black=0.21 (precise)} 0-1

[Event "Turkish Women-ch Arzum 2022"]
[Site "Ayvalik"]
[Date "2022.03.07"]
[Round "4.4"]
[White "Kocyigit, Buse Naz"]
[Black "Can, Isil"]
[Result "1-0"]
[WhiteElo "2023"]
[BlackElo "1875"]
[Annotator "RC"]
[PlyCount "61"]
[EventDate "2022.03.04"]
[EventType "swiss"]
[EventCountry "TUR"]
[SourceTitle "playchess.com"]
[Source "ChessBase"]
[SourceQuality "1"]
[TimeControl "5400+30"]

1. Nf3 {[%emt 0:03:00]} d5 {[%emt 0:01:00]} 2. d4 {[%emt 0:00:30]} Nf6 {[%emt 0:00:30]} 3. c4 {[%emt 0:00:00]} e6 {[%emt 0:00:00]} 4. Qc2 {[%emt 0:01:00]} Nbd7 {[%emt 0:00:00]} 5. g3 {[%emt 0:00:30]} c6 {[%emt 0:00:30]} 6. Bg2 {[%emt 0:00:00]} Ne4 {[%emt 0:03:30]} 7. O-O {[%emt 0:00:00]} Be7 {[%emt 0:02:30]} 8. Nc3 {[%emt 0:02:30]} f5 {[%emt 0:00:30]} 9. Bf4 {[%emt 0:02:30]} O-O {[%emt 0:01:30]} 10. Ne5 {[%emt 0:02:30]} Nxe5 {[%emt 0:02:30]} 11. Bxe5 {[%emt 0:00:30]} Bf6 {[%emt 0:07:30]} 12. Bxf6 {[%emt 0:09:30]} Qxf6 {[%emt 0:00:30]} 13. e3 {[%emt 0:01:30]} b6 {[%emt 0:06:30]} 14. Rfd1 {[%emt 0:10:30]} Bb7 {[%emt 0:05:30]} 15. b4 {[%emt 0:08:30]} a5 {[%emt 0:13:30]} 16. Na4 {[%emt 0:06:30]} Qd8 {[%emt 0:03:30]} 17. c5 {[%emt 0:00:30]} b5 {[%emt 0:06:30]} 18. Nb6 {[%emt 0:00:30]} Ra6 {[%emt 0:05:30]} 19. a4 {[%emt 0:00:30]} axb4 {[%emt 0:08:30]} 20. axb5 {[%emt 0:01:30]} Rxa1 {[%emt 0:02:30]} 21. Rxa1 {[%emt 0:00:30]} cxb5 {[%emt 0:00:00]} 22. Qb3 {[%emt 0:10:30]} Bc6 {[%emt 0:05:00]} 23. Qxb4 {[%emt 0:00:30]} Qe7 {[%emt 0:01:30]} 24. Bf1 {[%emt 0:03:30]} Rb8 {[%emt 0:01:30]} 25. Ra6 {[%emt 0:14:30]} Qe8 {[%emt 0:02:30]} 26. Ra5 {[%emt 0:00:30]} Nd6 {[%emt 0:00:30]} 27. cxd6 {[%emt 0:12:30]} Rxb6 {[%emt 0:00:30]} 28. Ra7 {[%emt 0:00:26]} Bd7 {[%emt 0:13:15]} 29. Qa5 {[%emt 0:01:45]} Rb8 {[%emt 0:01:21]} 30. Qc7 {[%emt 0:00:35]} Rd8 {[%emt 0:00:04]} 31. Bxb5 {[%emt 0:00:35]} 1-0

[Event "Turkish Women-ch Arzum 2022"]
[Site "Ayvalik"]
[Date "2022.03.07"]
[Round "4.5"]
[White "Gokbulut, Yulia"]
[Black "Baloglu, Dila"]
[Result "0-1"]
[WhiteElo "1902"]
[BlackElo "1630"]
[Annotator "TA"]
[PlyCount "126"]
[EventDate "2022.03.04"]
[EventType "swiss"]
[EventCountry "TUR"]
[SourceTitle "playchess.com"]
[Source "ChessBase"]
[SourceQuality "1"]

{[%evp 9,126,30,38,0,0,0,38,14,12,20,18,13,8,20,14,0,3,7,33,26,38,31,35,37,25,16,45,8,39,0,0,0,-2,-66,-15,-10,0,-6,0,-13,-18,-11,0,0,0,0,0,0,0,0,8,5,17,0,0,0,0,0,0,0,0,0,0,0,199,-83,-90,-87,-80,-353,-362,-368,-357,-347,-347,-355,-338,-333,-331,-311,-314,-281,-245,-237,-231,-217,-84,-605,-571,-662,-630,-686,-679,-671,-637,-631,-624,-597,-575,-685,-680,-803,-800,-792,-785,-813,-666,-1194,-917,-873,-881,-1366,-741,-1052,-1001,-1437,-1410,-1207,-1201]} 1. d4 Nf6 2. c4 g6 3. f3 d5 4. cxd5 Nxd5 5. e4 Nb6 6. Ne2 {D70: Grünfeld: Unusual White 3rd moves (met by ...d5).} Bg7 7. Nbc3 {[#]} e5 $146 {[%cal Re5d4]} ({Predecessor:} 7... O-O 8. g3 Nc6 9. d5 Na5 10. Bg2 c6 11. O-O cxd5 12. exd5 e6 13. d6 Nbc4 {½-½ (24) Tugui,A (2376)-De Jong,J (2464) Germany 2009}) 8. dxe5 {White is slightly better.} Qxd1+ 9. Nxd1 Bxe5 10. Bf4 Nc6 11. Bxe5 Nxe5 12. Nd4 Bd7 13. Ne3 O-O 14. Be2 Rfd8 15. Nb3 Na4 16. f4 Nc6 17. Nd5 a6 18. O-O Kg7 19. Nxc7 (19. Rac1 $14) 19... Rac8 $11 20. Nd5 Be6 21. Ne3 (21. Rab1 $11) 21... Bxb3 (21... Nxb2 $15 22. f5 Bxb3 23. axb3 Rd2) 22. axb3 Nc5 {[%cal Ba4c5,Bc5b3,Bb3c1,Bc1d3][%mdl 32]} 23. e5 Nxb3 24. Ra3 Ncd4 25. Bg4 Rc1 26. Rxc1 Nxc1 {Pair of Knights!} 27. g3 h5 28. Bd1 Nb5 29. Ra1 Nd3 30. Bf3 Nc5 31. Bd5 Nc7 32. Bg2 Rd3 33. Nc4 b5 34. Nd6 Rb3 35. Rc1 N7e6 36. Rc2 Nd3 $2 (36... b4 $11 {and Black is okay.}) 37. Bd5 $2 (37. f5 $1 $18) 37... Rxb2 $17 38. Ne8+ Kh6 $1 39. Rc8 {[%mdl 8192]} (39. Rxb2 $17 {was the only defense.} Nxb2 40. Kf2) 39... Rb1+ 40. Kg2 {[#]} Ndxf4+ $1 {[%mdl 512]} 41. gxf4 Nxf4+ 42. Kf3 Nxd5 $19 {[%mdl 4096] Endgame KRN-KRN} 43. Nd6 Kg7 44. Ne8+ Kh7 $1 45. Rd8 Nb6 {Strongly threatening ...Nc4.} 46. Nf6+ {[#]} Kh6 $1 47. h4 {[#]} Rb3+ (47... g5 $1 $19 {And now ...Rb3+ would win.} 48. Rh8+ Kg6 49. Rg8+ Kf5 50. Rxg5+ Ke6 51. Rxh5 Nc4) 48. Ke4 $2 {[%mdl 8192]} (48. Kf4 $17) 48... Rb4+ {Black is clearly winning.} 49. Kf3 Rxh4 50. Kg3 Ra4 51. Rf8 Nc4 52. Kf4 g5+ 53. Ke4 Nd2+ 54. Kd5 Kg6 55. Rg8+ Kf5 56. Nxh5 b4 {[%cal Bb5b4,Bb4b3][%mdl 32]} 57. Ng7+ Kf4 {Hoping for ...b3.} 58. Nh5+ Kg4 59. Nf6+ Kf5 60. Nh7 Nf3 {...b3 is the strong threat.} 61. Kd6 b3 {aiming for ...b2.} 62. Rb8 Rd4+ 63. Ke7 Rd3 {Weighted Error Value: White=0.48/Black=0.19 (very precise)} 0-1

[Event "Turkish Women-ch Arzum 2022"]
[Site "Ayvalik"]
[Date "2022.03.07"]
[Round "4.6"]
[White "Incecik, Seyma Zeynep"]
[Black "Ince, Safiye Oyku"]
[Result "0-1"]
[WhiteElo "1777"]
[BlackElo "1893"]
[Annotator "NA RC"]
[PlyCount "66"]
[EventDate "2022.03.04"]
[EventType "swiss"]
[EventCountry "TUR"]
[SourceTitle "playchess.com"]
[Source "ChessBase"]
[SourceQuality "1"]
[TimeControl "5400+30"]

{[%evp 8,52,10,20,38,43,64,16,25,32767,20,32767,32767,32767,32767,18,72,66,47,69,85,72,32767,-4,16,0,32767,32767,32767,32767,-71,32767,32767,-84,32767,32767,32767,32767,32767,-455,-454,-464,-464,-453,32767,-314,-336]} 1. e4 {[%emt 0:01:00]} c5 {[%emt 0:01:00]} 2. Nf3 {[%emt 0:00:30]} e6 {[%emt 0:00:30]} 3. d4 {[%emt 0:00:30]} cxd4 {[%emt 0:00:30]} 4. Nxd4 {[%emt 0:00:00]} Nc6 {[%emt 0:00:30]} 5. Nc3 {[%emt 0:01:00]} Qc7 {[%emt 0:00:00]} 6. Be3 {[%emt 0:00:30]} a6 {[%emt 0:00:00]} (6... Nf6 $11 {should be considered.}) 7. Be2 {[%emt 0:01:30]} Nf6 {[%emt 0:01:30]} 8. O-O {[%emt 0:01:30]} d6 {[%emt 0:01:30]} 9. f4 {[%emt 0:00:30]} Nxd4 {[%emt 0:00:30]} 10. Bxd4 {[%emt 0:01:30]} e5 {[%emt 0:00:30]} 11. Be3 {[%emt 0:01:30]} exf4 {[%emt 0:01:30]} (11... Be7 $11) 12. Rxf4 {[%emt 0:04:30]} Be6 {[%emt 0:04:30]} 13. Nd5 {[%emt 0:01:30]} Bxd5 {[%emt 0:03:30]} 14. exd5 {[%emt 0:01:30]} Be7 {[%emt 0:00:30]} 15. c4 {[%emt 0:12:30]} (15. Bd4 $14) 15... O-O {[%emt 0:07:30]} 16. Bd3 {[%emt 0:05:30]} Nd7 {[%emt 0:06:30]} 17. Qh5 {[%emt 0:05:30]} g6 {[%emt 0:01:30]} 18. Qh6 {[%emt 0:04:30]} Ne5 {[%emt 0:09:30]} 19. Bd4 {[%emt 0:02:30]} f5 {[%emt 0:00:30]} 20. Raf1 {[%emt 0:11:30]} Bf6 {[%emt 0:05:30]} 21. Bb1 {[%emt 0:03:30]} Qxc4 {[%emt 0:14:30]} 22. g4 {[%emt 0:21:19]} Nxg4 {[%emt 0:04:30]} 23. Bxf6 {[%emt 0:03:06] [#]} Qxf1+ $1 {[%emt 0:05:30]} 24. Rxf1 {[%emt 0:00:42]} Nxh6 {[%emt 0:00:30]} 25. Be7 {[%emt 0:00:00]} Nf7 {[%emt 0:01:30]} 26. Bxf8 {[%emt 0:00:46]} Kxf8 $19 {[%emt 0:00:00]} 27. Kf2 {[%emt 0:01:29]} Rc8 {[%emt 0:00:00]} 28. h4 {[%emt 0:00:13]} Rc4 {[%emt 0:02:30]} 29. Kg3 {[%emt 0:00:36]} Ne5 {[%emt 0:08:30]} 30. Rd1 {[%emt 0:02:58]} Rg4+ {[%emt 0:04:16]} 31. Kh3 {[%emt 0:00:14]} f4 {[%emt 0:00:28]} 32. Rd4 {[%emt 0:07:06]} Rg3+ {[%emt 0:00:30]} 33. Kh2 {[%emt 0:00:30]} Nf3+ {[%emt 0:00:00]} 0-1

[Event "Turkish Women-ch Arzum 2022"]
[Site "Ayvalik"]
[Date "2022.03.07"]
[Round "4.7"]
[White "Hereklioglu, Sude"]
[Black "Yilmaz, Gokcen"]
[Result "1-0"]
[WhiteElo "1924"]
[BlackElo "1647"]
[Annotator "TA"]
[PlyCount "53"]
[EventDate "2022.03.04"]
[EventType "swiss"]
[EventCountry "TUR"]
[SourceTitle "playchess.com"]
[Source "ChessBase"]
[SourceQuality "1"]

{[%evp 22,53,67,47,68,51,70,76,66,69,232,237,237,231,232,236,225,231,243,235,232,243,233,237,299,303,370,330,486,447,467,396,573,559]} 1. Nf3 Nf6 2. g3 g6 3. Bg2 Bg7 4. O-O O-O 5. c4 d6 6. d4 c6 7. Nc3 Qa5 8. d5 cxd5 9. cxd5 Bg4 10. Nd4 Rc8 11. h3 Bd7 12. e4 Qb6 {[%cal Of6e4] E62: King's Indian: Fianchetto: 6...c6 and Panno Variation (6...Nc6) without ...a6.} 13. Nb3 {[#]} Bb5 $146 ({Predecessor:} 13... Be8 14. Be3 Qd8 15. Rc1 Na6 16. Qe2 Nd7 17. f4 Nb6 18. Na5 Qd7 19. e5 dxe5 20. fxe5 Bxe5 {0-1 (60) Dive,R (2448)-Rogers,I (2574) Auckland 2000}) 14. Be3 Qa6 {[%cal Oc8c3] White is better.} 15. Re1 {[%cal Oe4e5]} Nfd7 $2 (15... Nbd7 $14) 16. Nxb5 $18 Qxb5 {[#]} 17. a4 $1 Qb4 18. Bd2 Qb6 {[#]} 19. Ba5 $1 Qa6 20. Bf1 b5 21. axb5 ({Don't take} 21. Bxb5 $6 Qb7 22. Rb1 Nc5 23. Nxc5 Rxc5) 21... Qb7 22. Nd4 Bxd4 23. Qxd4 Ne5 {Threatens to win with ...Nf3+.} 24. Ra3 {Inhibits Nf3+.} a6 (24... f6 {might work better.} 25. f4 Nf7) 25. f4 Ned7 26. Bc3 {[%csl Gc3][%cal Rd4h8] A strong pair of Bishops.} Nf6 (26... f6 {was worth a try.} 27. Rea1 a5 28. Bxa5 Kh8) 27. Rea1 {White took control after the opening.  Weighted Error Value: White=0.05 (flawless) /Black=0.67} 1-0

[Event "Turkish Women-ch Arzum 2022"]
[Site "Ayvalik"]
[Date "2022.03.07"]
[Round "4.8"]
[White "Karatiken, Seray"]
[Black "Sahin, Hayrun Nisa"]
[Result "0-1"]
[WhiteElo "1717"]
[BlackElo "2014"]
[Annotator "TA"]
[PlyCount "76"]
[EventDate "2022.03.04"]
[EventType "swiss"]
[EventCountry "TUR"]
[SourceTitle "playchess.com"]
[Source "ChessBase"]
[SourceQuality "1"]

{[%evp 11,76,-18,-26,-24,-19,-10,-2,-19,-19,-21,-17,-79,-16,-164,-142,-143,0,0,0,0,31,-29,65,23,45,37,37,30,62,10,4,6,6,6,69,69,78,61,101,106,91,94,114,80,152,115,145,132,165,112,135,135,145,134,155,0,0,-21,-34,-254,-174,-304,-75,-54,-55,-29998,-29999]} 1. d4 d5 2. Nf3 Nf6 3. e3 Bg4 4. Nbd2 e6 5. Bd3 c5 6. c3 Nc6 7. O-O {D05: Colle System with ...e6.} Bd6 8. dxc5 Bxc5 9. Qa4 {The position is equal.} O-O 10. b4 Bd6 11. Ba3 (11. b5 $11 Na5 12. Bb2) 11... Qe7 {[#]} (11... Bxf3 $17 12. Nxf3 Ng4) 12. Nd4 $146 (12. b5 $1 $11 {and White stays safe.} Bxa3 13. bxc6 bxc6 14. Ne5) ({Predecessor:} 12. Rab1 a6 13. Nd4 Ne5 14. Be2 Bxe2 15. Nxe2 Rfc8 16. Bb2 Nc4 17. Qc2 Ng4 18. Nf3 Ncxe3 19. fxe3 Nxe3 {½-½ (25) Brasileiro,A (1245)-Riely,B (1553) IECC email 1998}) 12... a5 $19 13. b5 {[#] Threatens to win with Bxd6.} Nxd4 (13... Bxa3 14. bxc6 bxc6 15. Nxc6 $15) (13... Nb4 $1 $17 {[%cal Rb4d3][%mdl 512]} 14. Bb1 {[#]} (14. cxb4 $2 axb4 15. Qc2 Rxa3 $19) 14... e5 $1) 14. Bxd6 $11 Qxd6 15. cxd4 Nd7 16. Qc2 (16. Rac1 $14) 16... f5 (16... Rfc8 $11 17. Qb1 (17. Bxh7+ Kh8 $15) 17... Qb4) 17. h3 (17. Rfc1 $14) 17... Rac8 18. Qb2 Bh5 19. Rac1 Rxc1 20. Qxc1 (20. Rxc1 $14 e5 21. dxe5 Nxe5 22. Bb1) 20... e5 21. dxe5 Nxe5 22. Qc2 Bg6 (22... Nxd3 $11 23. Qxd3 f4) 23. f4 $1 $14 Nd7 24. Nb3 Qb6 25. Re1 Re8 26. Nd4 ({Don't play} 26. Bxf5 $6 Rxe3 27. Rxe3 Qxe3+ 28. Kh1 Nf6 $11) 26... Nf6 27. Bxf5 Bf7 ({Better is} 27... Bxf5 28. Qxf5 Qc7) 28. Kf2 g6 29. Bd3 Nh5 {[%cal Oh5f4]} 30. f5 (30. Qc3 $18) 30... Qf6 31. Kg1 Nf4 32. fxg6 hxg6 33. Nf3 $2 (33. Qf2 $16 {And now Rf1 would win.} Qe5 34. Bb1 (34. exf4 $2 Qxe1+ 35. Qxe1 Rxe1+ 36. Kf2 Ra1 $19) (34. Qxf4 $2 Qxf4 35. exf4 Rxe1+ 36. Kf2 Ra1 $19)) 33... Nxh3+ $1 $11 34. Kh2 Ng5 35. Nh4 (35. Nxg5 $1 $15 Qxg5 36. Qf2) 35... Kg7 {Hoping for ...Rh8.} 36. g3 (36. Kg1 $142) 36... Nf3+ $2 (36... d4 $19 37. Qb2 Rxe3 38. Rxe3 dxe3 39. Qxf6+ Kxf6) 37. Nxf3 $17 Qxf3 38. Qe2 $2 {[%mdl 8192]} (38. Qc3+ $15 Qf6 39. Qxf6+ Kxf6 40. Kg2) 38... Rh8+ {Quite a comeback for Black.  Weighted Error Value: White=0.59/Black=0.42} 0-1

[Event "Turkish Women-ch Arzum 2022"]
[Site "Ayvalik"]
[Date "2022.03.07"]
[Round "4.9"]
[White "Onur, Cigdem"]
[Black "Salt, Ilayda"]
[Result "1-0"]
[WhiteElo "2012"]
[BlackElo "1594"]
[Annotator "NA RC"]
[PlyCount "119"]
[EventDate "2022.03.04"]
[EventType "swiss"]
[EventCountry "TUR"]
[SourceTitle "playchess.com"]
[Source "ChessBase"]
[SourceQuality "1"]
[TimeControl "5400+30"]

1. e4 {[%emt 0:02:00]} c5 {[%emt 0:01:00]} 2. Nf3 {[%emt 0:00:30]} d6 {[%emt 0:00:00]} 3. Bb5+ {[%emt 0:00:30]} Bd7 {[%emt 0:00:00]} 4. Bxd7+ {[%emt 0:00:30]} Qxd7 {[%emt 0:00:00]} 5. O-O {[%emt 0:00:00]} Nc6 {[%emt 0:00:00]} 6. c3 {[%emt 0:00:00]} Nf6 {[%emt 0:00:30]} 7. Re1 {[%emt 0:00:30]} g6 {[%emt 0:00:30]} 8. d4 {[%emt 0:00:30]} cxd4 {[%emt 0:01:30]} 9. cxd4 {[%emt 0:00:30]} Bg7 {[%emt 0:00:30]} 10. Nc3 {[%emt 0:01:30]} O-O {[%emt 0:02:30]} 11. h3 {[%emt 0:12:30] 11.h3 scores better than 11.Bg5.} Rfd8 {[%emt 0:03:30]} 12. Bg5 {[%emt 0:13:30]} h6 {[%emt 0:15:30]} 13. Bh4 {[%emt 0:07:30] [#]} g5 $146 {[%emt 0:11:30]} ({Predecessor:} 13... Nh5 14. Nd5 g5 15. Nxg5 hxg5 16. Bxg5 Nf6 17. Bxf6 Bxf6 18. Re3 Bg7 19. Rg3 Kf8 {1-0 (28) Sanguinetti,L (2202)-Ramos Correa,G (1772) Montevideo 2017}) 14. Bg3 {[%emt 0:00:30]} e6 {[%emt 0:18:30]} 15. Qd2 {[%emt 0:15:30]} Ne7 {[%emt 0:07:30]} 16. e5 {[%emt 0:16:30]} dxe5 {[%emt 0:03:30]} 17. Bxe5 {[%emt 0:01:30]} Ng6 {[%emt 0:08:30]} 18. Rad1 {[%emt 0:03:30]} Rac8 {[%emt 0:07:57]} 19. h4 {[%emt 0:10:55]} gxh4 {[%emt 0:08:04]} (19... g4 $11 20. Bxf6 Bxf6) 20. Bxf6 {[%emt 0:01:45]} Bxf6 {[%emt 0:00:03]} 21. Qxh6 {[%emt 0:00:17]} Qe7 {[%emt 0:03:26]} 22. Re4 {[%emt 0:03:47]} Qf8 {[%emt 0:01:45]} 23. Qh5 {[%emt 0:01:42]} Qg7 {[%emt 0:00:49]} 24. Rg4 {[%emt 0:00:36]} Qh7 {[%emt 0:01:33]} (24... Qh8 $14 25. Qb5 b6) 25. Ne4 {[%emt 0:03:46]} Be7 $1 {[%emt 0:02:15]} 26. Qxh7+ {[%emt 0:00:52]} (26. Qe5 $5 {[%cal Re4f6]}) 26... Kxh7 {[%emt 0:00:02]} 27. Neg5+ $1 {[%emt 0:00:09]} Kg7 {[%emt 0:01:06] [#]} 28. Nxe6+ $1 {[%emt 0:00:39]} fxe6 {[%emt 0:00:40]} 29. Ne5 {[%emt 0:00:05]} Kh7 {[%emt 0:01:20]} 30. Nxg6 {[%emt 0:01:33]} Bf6 {[%emt 0:00:38]} 31. Nxh4 {[%emt 0:00:36]} Rc2 {[%emt 0:00:13]} 32. Rd3 {[%emt 0:00:22]} Rd5 {[%emt 0:00:45]} 33. Nf5 {[%emt 0:01:41]} Rc1+ {[%emt 0:00:44]} 34. Kh2 {[%emt 0:00:04]} Be5+ {[%emt 0:00:14]} 35. Ng3 {[%emt 0:00:51]} Bd6 {[%emt 0:01:05]} 36. f4 {[%emt 0:00:19]} Rc4 {[%emt 0:00:12]} 37. Ne4 {[%emt 0:00:46]} Rh5+ {[%emt 0:00:27]} 38. Kg3 {[%emt 0:00:36]} Be7 {[%emt 0:00:31]} 39. Ng5+ {[%emt 0:00:32]} Bxg5 {[%emt 0:00:33]} 40. Rxg5 {[%emt 0:00:30]} Rxg5+ {[%emt 0:00:30]} 41. fxg5 {[%emt 0:00:00]} Kg6 {[%emt 0:00:00]} 42. d5 {[%emt 0:01:23]} exd5 {[%emt 0:00:00]} 43. Rxd5 {[%emt 0:00:00]} Rc2 {[%emt 0:00:09]} 44. Rb5 {[%emt 0:00:00]} b6 {[%emt 0:00:15]} 45. a4 {[%emt 0:00:55]} Rd2 {[%emt 0:00:31]} 46. Kf3 {[%emt 0:00:30]} Rd6 {[%emt 0:00:56]} 47. Ke4 {[%emt 0:00:39]} Rd2 {[%emt 0:00:40]} 48. g3 {[%emt 0:00:31]} Kh5 {[%emt 0:00:53]} 49. Kf5 {[%emt 0:00:29]} Rf2+ {[%emt 0:00:39]} 50. Ke6 {[%emt 0:00:12]} Rd2 {[%emt 0:00:00]} 51. Kf7 {[%emt 0:00:44]} Rd7+ $18 {[%emt 0:00:44]} 52. Ke6 {[%emt 0:00:30]} Rd2 {[%emt 0:00:00]} 53. b4 {[%emt 0:00:39]} Rd4 {[%emt 0:01:11]} 54. Ke5 {[%emt 0:00:28]} Rd2 {[%emt 0:00:52]} 55. Rd5 {[%emt 0:00:28]} Ra2 {[%emt 0:00:23]} 56. Kf6 {[%emt 0:00:09]} Rf2+ {[%emt 0:00:56]} 57. Rf5 {[%emt 0:00:30]} Rb2 {[%emt 0:00:00]} 58. g6+ {[%emt 0:00:00]} Kh6 {[%emt 0:01:15]} 59. g7 {[%emt 0:00:00]} Kh7 {[%emt 0:00:30]} 60. Rh5+ {[%emt 0:00:06]} 1-0

[Event "Turkish Women-ch Arzum 2022"]
[Site "Ayvalik"]
[Date "2022.03.07"]
[Round "4.10"]
[White "Akat, Elifnaz"]
[Black "Akar, Nilay"]
[Result "1-0"]
[WhiteElo "1673"]
[BlackElo "1516"]
[Annotator "NA RC"]
[PlyCount "39"]
[EventDate "2022.03.04"]
[EventType "swiss"]
[EventCountry "TUR"]
[SourceTitle "playchess.com"]
[Source "ChessBase"]
[SourceQuality "1"]
[TimeControl "5400+30"]

1. e4 {[%emt 0:01:00]} c5 {[%emt 0:01:00]} 2. Nc3 {[%emt 0:00:30]} e6 {[%emt 0:03:30]} 3. g3 {[%emt 0:00:30]} d5 {[%emt 0:01:30]} 4. exd5 {[%emt 0:00:30]} exd5 {[%emt 0:00:30]} 5. Bg2 {[%emt 0:00:00]} Nf6 {[%emt 0:00:00]} 6. d3 {[%emt 0:00:00]} h6 {[%emt 0:01:00]} 7. Nge2 {[%emt 0:01:30]} Be7 {[%emt 0:02:30]} 8. O-O {[%emt 0:02:30]} O-O {[%emt 0:00:30]} 9. d4 {[%emt 0:02:30]} Bg4 {[%emt 0:07:30]} 10. h3 {[%emt 0:09:30]} Be6 {[%emt 0:06:30]} 11. Be3 {[%emt 0:03:30]} c4 {[%emt 0:02:30]} 12. b3 {[%emt 0:08:30]} Qd7 {[%emt 0:03:30]} 13. g4 {[%emt 0:02:30]} g5 {[%emt 0:19:30]} 14. f4 {[%emt 0:05:30]} Bxg4 {[%emt 0:07:30]} 15. hxg4 {[%emt 0:01:30]} Nxg4 {[%emt 0:04:30]} 16. Nxd5 {[%emt 0:02:30]} Bd6 {[%emt 0:06:30]} 17. fxg5 {[%emt 0:04:30]} Qe6 {[%emt 0:13:36]} 18. Nef4 {[%emt 0:01:30]} Bxf4 {[%emt 0:06:52]} 19. Bxf4 {[%emt 0:00:30]} hxg5 {[%emt 0:02:35]} 20. Qxg4 {[%emt 0:00:30]} 1-0